000 00507nam a2200169Ia 4500
999 _c5689
_d5689
003 OSt
005 20200128104825.0
008 190216s9999||||xx |||||||||||||| ||und||
020 _a0074603663
040 _coclc
082 _a658.3
_bSEK/O
100 _aSekaran, Uma
_91512
245 0 _aOrganisational Behaviour Text And Cases /
_cUma Sekaran
260 _bTata McGraw Hill Publishing Company,
_c1998.
_aNew Delhi:
300 _a269p
942 _cBK
_2ddc
_h658.3
_iSEK/O
_k658.3
_mSEK/O